000 01742nam0a22003851 4500
001 v19\rc\1496701
005 20250618161019.0
035 _a(NLR Aleph) 004624862
090 _a3089012
_c3089012
100 _a20060620d1881 |||y0rusy50 ca
101 1 _arus
_ayid
_cyid
102 _aRU
105 _ay z |||||
200 1 _aТри еврейских путешественника XI и XII ст.: Эльдад Данит, р. Вениамин Тудельский и р. Петахий Регенсбургский
_e(Евр. текст с рус. пер.)
_fПер., примеч. и карты П. Марголина
210 _aСанкт-Петербург
_cтип. Цедербаума и Гольденблюма
_d1881
215 _a316 с. разд. паг.
_d21
300 _aПарал. тит. л. на евр. яз.
532 1 1 _aТри еврейских путешественника одиннадцатого и двенадцатого ст.: Эльдад Данит, р. Вениамин Тудельский и р. Петахий Регенсбургский
702 1 _aМарголин
_bП.В.
_f1830-1889
_gПавел Васильевич
_4730
_4212
702 1 _aДанит
_bЭ.
_gЭльдат
_4570
702 1 _aТудельский
_bВ.
_gВениамин
_4570
702 1 _aРегенсбургский
_bП.
_gПетахий
_4570
801 0 _aRU
_bNLR
_gpsbo
801 0 _aRU
_bRuMoRGB
_2psbo
801 1 _aRU
_bProSoft-M
_2rusmarc
852 _aNLR
_j18.140.5.45
852 _aNLR
_bМф
_jК1/18145
899 _aRuMoRGB
_j807-87/126-3
899 _aRuMoRGB
_jP 103/525
899 _aБАН
899 _aНБ СПбГУ
899 _aГПИБ
899 _aНБ МГУ
942 _cBOOK
980 _aNB